Normal view
MARC view
- Ayesha Zahir
Entry Personal Name
001 - CONTROL NUMBER
- control field: 70219
003 - CONTROL NUMBER IDENTIFIER
- control field: NUST
005 - DATE AND TIME OF LATEST TRANSACTION
- control field: 20210628204414.0
008 - FIXED-LENGTH DATA ELEMENTS
- fixed length control field: 210628|| aca||aabn | a|a d
040 ## - CATALOGING SOURCE
- Original cataloging agency: NUST
- Transcribing agency: NUST
100 ## - HEADING--PERSONAL NAME
- Personal name: Ayesha Zahir
670 ## - SOURCE DATA FOUND
- Source citation: Work cat.: (NUST): Ayesha Zahir , TH-SOF-1406-Feasibility Analysis of Grid-Connected Solar Photovoltaic System based on Net-Metering Incentive for a Developing Country A Case Study of Pakistan, 2017
